000 00690nam a2200253Ia 4500
003 OSt
005 20220924135519.0
006 a|||||r|||| 00| 0
007 ta
008 220923b |||||||| |||| 00| 0 ben d
020 _a8186802657 (pbk)
020 _c30
024 _a291484
037 _bM/2008/39, 11/09/2008, Mukta Dhara
_cTextual
040 _aARTS
_cARTS
_bben
041 _2ben
_aben
082 _aO157:g, P3
100 _aDev Ramendra Nath
_9210427
245 0 _aNashwaj anashwar
260 _c2003
650 _aBENGALI LITERATURE
942 _hO157:g, P3
_cTEXL
_2CC
999 _c440951
_d440951